| 000 | 01031cam a22003014a 4500 | ||
|---|---|---|---|
| 001 | 12269341 | ||
| 005 | 20180130072440.0 | ||
| 008 | 010104s2001 paua bd 000 0 eng c | ||
| 010 | _a 2001016460 | ||
| 020 | _a0781730120 | ||
| 035 | _a(DNLM)101084180 | ||
| 040 |
_aDNLM/DLC _cDLC _dDLC |
||
| 041 | _aeng | ||
| 042 | _apcc | ||
| 060 | 1 | 0 |
_aW 13 _bS8125 2001 |
| 080 | _a610.3 DIR | ||
| 082 | 0 | 0 |
_a610.3 DIR _221 |
| 100 | _a3 | ||
| 101 | _aSHM | ||
| 245 | 0 | 0 | _aStedman's concise medical dictionary for the health professions. |
| 246 | 3 | 0 | _aConcise medical dictionary for the health professions |
| 246 | 3 | 0 | _aMedical dictionary for the health professions |
| 504 | _aIncludes bibliographical references. | ||
| 906 |
_a7 _bcbc _corignew _d1 _eocip _f20 _gy-gencatlg |
||
| 942 |
_2ddc _cBK |
||
| 999 |
_c41293 _d41293 |
||